Companions of the Prophet PBUH - Statistics

General Stats
  • This quiz has been taken 81 times
  • The average score is 10 of 15
Answer Stats
Hint Answer % Correct
The first person to call the Adhan (call to prayer) Bilal ibn Rabah
90%
The daughter of the Prophet and wife of Ali ibn Abi Talib Fatima bint Muhammah
88%
The wife of the Prophet Muhammad and is known for her intelligence and scholarship, narrating numerous hadiths Aisha bint Abu Bakr
85%
Known as 'As-Shiddiq' (the truthful) Abu Bakr
80%
The cousin and son in law of the Prophet Ali ibn Abu Talib
80%
Known as the 'Sword of Allah' and was a renowned warrior Khalid ibn Walid
78%
Known by the title 'Zunurain,' meaning 'the possessor of two lights,' due to his marriages to two daughters of the Prophet PBUH Uthman ibn Affan
76%
Known for his exceptional memory and narrated many hadiths Abu Hurairah
73%
Known as 'Al-Faruq' (the one who distinguishes between right and wrong) Umar ibn Khattab
68%
Woman companion known for her bravery in the Battle of Uhud Nusaybah bint Ka'ab
63%
The first martyr in Islam Sumayyah bint Khayyat
63%
The first person to accept islam Khadijah bint Khuwailid
61%
Who as 'Sayyid al-Shuhada' (Leader of the Martyrs) Hamza ibn Abu al-Mutalib
51%
Prophet’s secretary and known for his knowledge Zayd ibn Thabit
49%
Known for his generosity and for donating his wealth for the cause of Islam Abdurrahman ibn Awf
41%
No matching quizzes found
Score Distribution
Percent of People with Each Score
Percentile by Number Answered
Your Score History
You have not taken this quiz